Central Library OPAC University of Rajshahi

Peace, truth, ahimsa : a photobiography of Mahatma Gandhi / (Record no. 73999)

MARC details
000 -LEADER
fixed length control field 00736nam a2200241 a 4500
001 - CONTROL NUMBER
control field 73999
003 - CONTROL NUMBER IDENTIFIER
rucl marc code BD-RjUL
005 - DATE AND TIME OF LATEST TRANSACTION
control field 20211209082454.0
008 - FIXED-LENGTH DATA ELEMENTS--GENERAL INFORMATION
fixed length control field 171218s2010 pk o|||| |||| 000 0ceng d
020 ## - INTERNATIONAL STANDARD BOOK NUMBER
International Standard Book Number 8190287176
035 ## - SYSTEM CONTROL NUMBER
System control number (BD-RjUL)74217
040 ## - CATALOGING SOURCE
Original cataloging agency BD-RjUL
Language of cataloging eng
Transcribing agency BD-RjUL
041 ## - LANGUAGE CODE
Language code of text/sound track or separate title eng
082 ## - DEWEY DECIMAL CLASSIFICATION NUMBER
Edition number 22
Classification number 954.035092
Author mark and year YAP 2014
100 ## - MAIN ENTRY--PERSONAL NAME
Personal name Yajnik , Birad Rajaram
9 (RLIN) 219727
245 10 - TITLE STATEMENT
Title Peace, truth, ahimsa : a photobiography of Mahatma Gandhi /
Statement of responsibility, etc. Birad Rajaram Yajnik
260 ## - PUBLICATION, DISTRIBUTION, ETC. (IMPRINT)
Place of publication, distribution, etc. Hyderabad :
Name of publisher, distributor, etc. Visual Quest Books,
Date of publication, distribution, etc. 2014
300 ## - PHYSICAL DESCRIPTION
Pagination 300 str. : ilustr. ;
Size 23 cm.
600 ## - SUBJECT ADDED ENTRY--PERSONAL NAME
Personal name Gandhi, Mahatma,
Chronological subdivision 1869-1948.
650 ## - SUBJECT ADDED ENTRY--TOPICAL TERM
Topical term or geographic name as entry element Nationalists.
9 (RLIN) 219729
Topical term or geographic name as entry element Nacionalisti.
9 (RLIN) 219730
942 ## - ADDED ENTRY ELEMENTS (KOHA)
Source of classification or shelving scheme Dewey Decimal Classification
Koha item type Books
Holdings
Lost status Source of classification or shelving scheme Damaged status Not for loan Collection code Permanent Location Current Location Shelving location Date acquired Source of acquisition Total Checkouts Full call number Date last seen Copy number Koha item type Date checked out
  Dewey Decimal Classification   Not For Loan Non-fiction Central Library, University of Rajshahi Central Library, University of Rajshahi Reading Room 22/04/2017 R.U. V.C OFFICE   954.035092 YAP 2014 18/12/2017 C-1 Books  
  Dewey Decimal Classification     Non-fiction Central Library, University of Rajshahi Central Library, University of Rajshahi   17/04/2017 RU. VC OFFICE 1 954.035092 YAP 2014 26/12/2019 C-2 Books 15/12/2019
  Dewey Decimal Classification     Non-fiction Central Library, University of Rajshahi Central Library, University of Rajshahi   17/04/2017 RU. VC OFFICE   954.035092 YAP 2014 19/12/2017 C-3 Books